000 00911nas a2200289 4500
001 BR8802922
003 BR-BrBNA
005 20231205091143.0
007 ta
008 230509b bl.|||p| |||| 00| 00por d
040 _aBR-BrBNA
_bpor
_cBiblioteca Nacional de Agricultura
041 _a(Pt)
072 _aL70
100 1 _aSilveira, A.K. da
100 1 _aAccioly, A.L.
100 1 _aPena, N.D.
100 1 _aAbilio, E.J.
100 1 _aCarvalho, C.V. da S.
245 1 _aAnestesia do nervo toracico lateral no bovino para preparo de rufiao
246 1 _aAnaesthesia to the lateral thoracic nerve in ruffian surgery of bovine
650 _aBOVINO
650 _aANESTESIA
650 _aCIRURGIA
773 0 _tArquivos Fluminenses de Medicina Veterinaria (Brazil)
_xISSN 0102-7794
_g(Jan-Jun 1986), v. 1(1) p. 21-22
_wBR8802922
909 _a202311
_bLúcia
_c55
_dLúcia Elande
942 _2AGRIS
_n0
_cANA
999 _c123185
_d123185